000 00809nac a22001931u 4500
008 090607t xxu||||| |||| 00| 0 eng d
020 _a8121927811
082 _a621.56
_bKHU
100 _aKhurmi, R. S.
_95820
245 _aA Textbook of Refrigeration and Air Conditioning /
_cR. S.Khurmi, J. Gupta.
250 _aMulticolour illustrative edition
260 _aNew Delhi :
_bS Chand & Co.,
_c1987
300 _a682p. :
_bill. ;
_c24 cm.
650 _aRefrigeration and refrigerating machinery.
_95821
650 _aAir conditioning.
_95822
700 _aGupta, J.
_95823
942 _cBB
_k621.56KHU
_2ddc
999 _c11744
_d11744